000 00649nam a2200193Ia 4500
003 GCL
008 140319s9999 xx 000 0 ara d
040 _aGCL /
_cGCL
082 0 4 _a928.16531
_bم ا
100 1 _aمحمد السيد الوزير
245 1 0 _aالامير عبدالقادر الجزائرى ثقافتة واثرها فى ادبه /
_cمحمد السيد الوزير
260 _a[S.N] :
_bمكتبة الملك فيصل الاسلامية ،
_c1984
300 _a322 ص
490 _a
650 0 4 _aالادب العربى
650 0 4 _aالادباء
650 0 4 _aالادباء الجزائريون
942 _2ddc
_cBK
999 _c55265
_d55265